logo

Bir Sreshtho Munshi Abdur Rouf Library
Jhenaidah Cadet College

আনাড়ি পাপিয়া / (Record no. 13565)

MARC details
000 -LEADER
fixed length control field 00853nam a2200241 a 4500
001 - CONTROL NUMBER
JCCL Control Number 13565
003 - CONTROL NUMBER IDENTIFIER
JCCL marc code BD-JhCC
005 - DATE AND TIME OF LATEST TRANSACTION
control field 20240219115738.0
008 - FIXED-LENGTH DATA ELEMENTS--GENERAL INFORMATION
fixed length control field 240219b2018 b a|||| ||a| 000 0 b d
020 ## - INTERNATIONAL STANDARD BOOK NUMBER
International Standard Book Number 9789849329763
035 ## - SYSTEM CONTROL NUMBER
system control number (BD-JhCC)13565
040 ## - CATALOGING SOURCE
Original cataloging agency BD-JhCC
Modifying agency BD-JhCC
041 ## - LANGUAGE CODE
Language code of Book Bengali
082 ## - DEWEY DECIMAL CLASSIFICATION NUMBER
Classification number 891.4435
Author mark and Year HOZ 2018
100 ## - MAIN ENTRY--PERSONAL NAME
Personal name হোজ্জা,নাসিরুদ্দিন
245 ## - TITLE STATEMENT
Title আনাড়ি পাপিয়া /
Statement of responsibility, etc নাসিরুদ্দিন হোজ্জা,অনু:মেহেদী হাসান।
260 ## - PUBLICATION, DISTRIBUTION, ETC. (IMPRINT)
Place of publication, distribution, etc ঢাকা:
Name of publisher, distributor, etc ময়ূরপঙ্খি;
Date of publication, distribution, etc 2018.
300 ## - PHYSICAL DESCRIPTION
Pagination 12 p .:
Other physical details ill;
Dimensions 26 cm.
490 ## - SERIES STATEMENT
Series statement নাসিরুদ্দিন হোজ্জা-৩
650 ## - SUBJECT ADDED ENTRY--TOPICAL TERM
Topical term or geographic name as entry element Bengalo Short Story.
700 ## - ADDED ENTRY--PERSONAL NAME
Personal name হাসান,মেহেদী
942 ## - ADDED ENTRY ELEMENTS (KOHA)
Source of classification or shelving scheme Dewey Decimal Classification
Koha item type Books
Holdings
Source of classification or shelving scheme Damaged status Not for loan Home library Current library Shelving location Date of accession Cost, normal purchase price Total Checkouts Full call number Barcode Date last seen Copy number Method of acquisition Koha item type Currency
Dewey Decimal Classification     JCC Rouf Library JCC Rouf Library General Stacks   90.00   891.4435 HOZ 2018 18596 02/19/2024 C-1 Purchase Books BDT

JCC Library | Contacts | JCC Home

Last Update on 23 September 2017
Copyright @ 2017-2020 JCC Rouf Library
Rouf Library, Jhenidah Cadet College (JCC), Bangladesh